000 00510nam a22001697a 4500
020 _a9965324654
082 _a553.09584
_bKUN
100 _aKunayev, M.S
245 _aThe Analysis of Geophysical Characteristics of Series of Kazakhstan Useful Minerals deposits/
_cM.S Kunayev,and D.Sh.Sadykov
260 _aAlmaty:
_bGylym;
_c2007.
300 _a374p
504 _aKazakh Language
563 _aHB
650 _aEconomic geology
_9133721
650 _aMineral resources
_9133722
942 _2ddc
_cBK
999 _c616685
_d616685